Quiz su Palau - Statistics

Statistiche generali
  • Questo quiz è stato fatto 503 volte
  • Il punteggio medio è 8 su 14
Statistiche sulle risposte
Hint Risposta % Corretto
Sottoregione dell'Oceania di cui fa parte Palau {Micro}nesia
94%
Lingue ufficiali Inglese
93%
Da questo Paese infine Palau divenne indipendente nel 1994 Stati Uniti d'America
79%
Paese che conquistò le isole nel 1914 e le tenne fino al 1944 Giappone
78%
Paese che colonizzò Palau dal 1574 al 1898 Spagna
74%
Quest'altro Paese poi le controllò fino al 1914 Germania
65%
Capitale Ngerulmud
59%
La maggioranza degli abitanti di Palau soffre di questa patologia così come molti altri stati dell'Oceania Obesità
54%
Mare in cui si trova Palau Mare delle {Filippine}
52%
Lago popolato da milioni di creature marine innocue, mentre nei mari vicini ve ne sono di specie piuttosto pericolose Lago delle {Meduse}
35%
Palauano
34%
Nel 2009 Palau ha creato la prima area protetta per proteggere queste creature marine Squali
25%
Isola più popolosa Koror
19%
Sito del patrimonio mondiale dell'UNESCO composto da duecento piccole isole boscose {Rock} Islands
14%
Nessun quiz corrispondente trovato
Distribuzione punteggi
Percentuale di utenti per punteggio
Percentile per numero di risposta
I tuoi punteggi nel tempo
Non hai fatto questo quiz